<?xml version="1.0" encoding="UTF-8"?>
<record
    xmlns:xsi="http://www.w3.org/2001/XMLSchema-instance"
    xsi:schemaLocation="http://www.loc.gov/MARC21/slim http://www.loc.gov/standards/marcxml/schema/MARC21slim.xsd"
    xmlns="http://www.loc.gov/MARC21/slim">

  <leader>00742nam a22002057a 4500</leader>
  <controlfield tag="005">20240909143902.0</controlfield>
  <datafield tag="010" ind1=" " ind2=" ">
    <subfield code="a">ENG-141678</subfield>
  </datafield>
  <datafield tag="020" ind1=" " ind2=" ">
    <subfield code="a">9788196533250</subfield>
    <subfield code="c">1620.00</subfield>
  </datafield>
  <datafield tag="035" ind1=" " ind2=" ">
    <subfield code="a">EN-125210</subfield>
  </datafield>
  <datafield tag="037" ind1=" " ind2=" ">
    <subfield code="b">DBAD</subfield>
  </datafield>
  <datafield tag="082" ind1=" " ind2=" ">
    <subfield code="a">581.954</subfield>
  </datafield>
  <datafield tag="245" ind1=" " ind2=" ">
    <subfield code="a">Flora of India:</subfield>
    <subfield code="b">Nyctaginaceac-Elaeagnaceac/</subfield>
    <subfield code="c">Edited by Manas Bhaumik [and] A.A. Mao</subfield>
  </datafield>
  <datafield tag="260" ind1=" " ind2=" ">
    <subfield code="a">Kolkata</subfield>
    <subfield code="b">The Director, Botanical Survey of India</subfield>
    <subfield code="c">2023</subfield>
  </datafield>
  <datafield tag="270" ind1=" " ind2=" ">
    <subfield code="a">CGO Complex, 3rd MSO Building, Block - F, 5th &amp; 6th Floor, DF - Block, Sector-1, Salt Lake City</subfield>
    <subfield code="b">Kolkata</subfield>
    <subfield code="e">700064</subfield>
  </datafield>
  <datafield tag="300" ind1=" " ind2=" ">
    <subfield code="a">xxx,804p. </subfield>
    <subfield code="c">25cm.(Hb)</subfield>
    <subfield code="b">col,ill</subfield>
  </datafield>
  <datafield tag="490" ind1=" " ind2=" ">
    <subfield code="v">Vol-22</subfield>
  </datafield>
  <datafield tag="700" ind1=" " ind2=" ">
    <subfield code="a">Mao, A.A. </subfield>
    <subfield code="e">Editor</subfield>
    <subfield code="9">71207</subfield>
  </datafield>
  <datafield tag="700" ind1=" " ind2=" ">
    <subfield code="a">Bhaumik, Manas </subfield>
    <subfield code="e">Editor</subfield>
    <subfield code="9">71323</subfield>
  </datafield>
  <datafield tag="942" ind1=" " ind2=" ">
    <subfield code="2">ddc</subfield>
    <subfield code="c">EN</subfield>
    <subfield code="h">581.954</subfield>
    <subfield code="m">FLO</subfield>
  </datafield>
  <datafield tag="999" ind1=" " ind2=" ">
    <subfield code="c">205717</subfield>
    <subfield code="d">205717</subfield>
  </datafield>
  <datafield tag="952" ind1=" " ind2=" ">
    <subfield code="0">0</subfield>
    <subfield code="1">0</subfield>
    <subfield code="3">VOL-22</subfield>
    <subfield code="4">0</subfield>
    <subfield code="7">1</subfield>
    <subfield code="8">NFIC</subfield>
    <subfield code="a">DBAD</subfield>
    <subfield code="b">DBAD</subfield>
    <subfield code="d">2024-09-09</subfield>
    <subfield code="e">Delivery of Books Act Division</subfield>
    <subfield code="g">1620.00</subfield>
    <subfield code="l">0</subfield>
    <subfield code="o">581.954 FLO</subfield>
    <subfield code="p">EN-125210</subfield>
    <subfield code="r">2024-09-09 00:00:00</subfield>
    <subfield code="t">1</subfield>
    <subfield code="v">1620.00</subfield>
    <subfield code="w">2024-09-09</subfield>
    <subfield code="y">EN</subfield>
  </datafield>
</record>
